000 00473nam a2200121Ia 4500
008 220620s9999||||xx |||||||||||||| ||und||
100 _aSzydlik, Marc
245 0 _aSharing Lives
_bAdult Children and Parents
546 _aEnglish[eng]
650 _aSociety and culture: general||Sociology
856 _uhttps://library.oapen.org/bitstream/20.500.12657/46736/1/oa-9781317297642.pdf||https://library.oapen.org/bitstream/20.500.12657/46736/1/oa-9781317297642.pdf
942 _cEB
999 _c24869
_d24869